ARRUPE JESUIT UNIVERSITY

CORONAVIRUS -STOP THE SPREAD - CLEAN,DISINFECT,COVER

Kinship : (Record no. 117793)

MARC details
000 -LEADER
fixed length control field 03206fam a2200373 a 4500
001 - CONTROL NUMBER
control field 1973749
003 - CONTROL NUMBER IDENTIFIER
control field ARRUPE
005 - DATE AND TIME OF LATEST TRANSACTION
control field 20130917110052.0
008 - FIXED-LENGTH DATA ELEMENTS--GENERAL INFORMATION
fixed length control field 961003s1997 enka b 001 0 eng
010 ## - LIBRARY OF CONGRESS CONTROL NUMBER
LC control number 96045158
020 ## - INTERNATIONAL STANDARD BOOK NUMBER
International Standard Book Number 0631203583
020 ## - INTERNATIONAL STANDARD BOOK NUMBER
International Standard Book Number 0631203591 (pbk.)
035 ## - SYSTEM CONTROL NUMBER
System control number (OCoLC)35723624
035 ## - SYSTEM CONTROL NUMBER
System control number (OCoLC)ocm35723624
035 ## - SYSTEM CONTROL NUMBER
System control number (NNC)1973749
040 ## - CATALOGING SOURCE
Original cataloging agency DLC
Transcribing agency DLC
Modifying agency NNC
-- OrLoB-B
050 00 - LIBRARY OF CONGRESS CALL NUMBER
Classification number GN487
Item number .P36 1997
082 00 - DEWEY DECIMAL CLASSIFICATION NUMBER
Classification number 306.83
Edition number 21
300 ## - PHYSICAL DESCRIPTION
Other physical details ill. ;
Dimensions 24 cm.
100 1# - MAIN ENTRY--PERSONAL NAME
Personal name Parkin, Robert,
Dates associated with a name 1950-
9 (RLIN) 184
245 00 - TITLE STATEMENT
Title Kinship :
Remainder of title an introduction to basic concepts /
Statement of responsibility, etc Robert Parkin.
260 ## - PUBLICATION, DISTRIBUTION, ETC. (IMPRINT)
Place of publication, distribution, etc Oxford, UK ;
-- Malden, Mass. :
Name of publisher, distributor, etc Blackwell Publishers,
Date of publication, distribution, etc 1997.
263 ## - PROJECTED PUBLICATION DATE
Projected publication date 9703
300 ## - PHYSICAL DESCRIPTION
Extent xi, 208 p. :
504 ## - BIBLIOGRAPHY, ETC. NOTE
Bibliography, etc Includes bibliographical references and index.
505 00 - FORMATTED CONTENTS NOTE
Miscellaneous information 1.
Title Introductory --
Miscellaneous information 2.
Title Descent --
Miscellaneous information 3.
Title The Family and Other Kin Groupings --
Miscellaneous information 4.
Title Marriage and Sexual Relations --
Miscellaneous information 5.
Title Kinship (Relationship) Terminology --
Miscellaneous information 6.
Title Symmetric Affinal Alliance --
Miscellaneous information 7.
Title Asymmetric Affinal Alliance --
Miscellaneous information 8.
Title FZD and ZD Marriage --
Miscellaneous information 9.
Title Non-prescriptive Pseudo-systems --
Miscellaneous information 10.
Title The Meaning of Kinship --
Miscellaneous information 11.
Title The Significance of Kinship in Anthropology --
Miscellaneous information 12.
Title Theories of Descent --
Miscellaneous information 13.
Title Kinship Terminology and Affinal Alliance --
Miscellaneous information 14.
Title Typologies and Terminological Change --
Miscellaneous information 15.
Title Ethnographic Examples and Further Reading.
520 ## - SUMMARY, ETC.
Summary, etc This book is an introduction to the social anthropology of kinship - to the ways in which the peoples of different cultures marry and relate to one another within and outside the family, and to the means by which one generation relates to those that come before and after it.
520 8# - SUMMARY, ETC.
Summary, etc It is addressed in particular to students of anthropology, but is also intended as a one-volume guide to those, such as social historians and geographers, who find it necessary to understand patterns of kinship in different places and at different times.
520 8# - SUMMARY, ETC.
Summary, etc The book is divided into two parts. It opens with a discussion of what kinship means to the social anthropologist as distinct from the biologist, and considers the different possible approaches to the subject within social anthropology itself. The following chapters cover topics such as descent, inheritance, succession, the family, residence, marriage, kinship terminology, systems and pseudo-systems of affinal alliance, the new reproductive technologies, and symbolic approaches to kinship.
520 8# - SUMMARY, ETC.
Summary, etc In Part II four chapters provide an overview of theoretical debates concerning aspects of kinship, and consider, for example, how recent work on gender, person, and the body have challenged and modified earlier assumptions about, for example, descent, succession, and familial alliances.
520 8# - SUMMARY, ETC.
Summary, etc The book applies and illustrates these concepts and topics to a number of contrasting case studies. These illustrate the insights that can be achieved from the study of kinship, and also show that the complexity of even the most familiar kinship patterns rarely lends itself to simple description. The author also includes annotated guides to further reading.
650 #0 - SUBJECT ADDED ENTRY--TOPICAL TERM
Topical term or geographic name as entry element Kinship.
9 (RLIN) 185
900 ## - EQUIVALENCE OR CROSS-REFERENCE-PERSONAL NAME [LOCAL, CANADA]
Numeration TOC
942 ## - ADDED ENTRY ELEMENTS (KOHA)
Source of classification or shelving scheme Library of Congress Classification
Koha item type Monograph ( Printed materials)
Holdings
Withdrawn status Lost status Source of classification or shelving scheme Damaged status Not for loan Home library Current library Date acquired Total Checkouts Full call number Barcode Date last seen Price effective from Koha item type
    Library of Congress Classification     ARRUPE LIBRARY ARRUPE LIBRARY 17/09/2013   GN487 .P36 1997 46411862 09/04/2018 17/09/2013 Monograph ( Printed materials)

 

Arrupe Library. PO Box MP320 Mt Pleasant, Harare, Zimbabwe
263 242 745411|librarian@aju.ac.zw